000 00724nam a2200217 a 4500
001 000013126
005 20240412074237.0
008 091120s2006 pr 000 j spa d
020 _a1932271821
040 _aDO-SdBNP
_bspa
_cBNPHU
082 _aRD863.5
_bT693m
100 1 _aTorres, Daniel
_924997
245 1 0 _aMariconerías :
_bescritos desde el margen /
_cDaniel Torres ; corrección Lucinda Ausente.
260 _aSan Juan, Puerto Rico :
_bIsla negra,
_c2006.
300 _a89 p. ;
_c22 cm.
500 _aIncluye datos biográficos del autor en la solapa de la cubierta
650 0 _aCuentos dominicanos
_9176
650 0 _aLiteratura dominicana.
_967
700 1 _aAusente, Lucinda,
_ecorr.
_911862
049 _aBNPD
999 _c12768
_d12768